Bible - The Old Testament - Statistics

General Stats
  • This quiz has been taken 125 times
  • The average score is 27 of 35
Answer Stats
Question Answer % Correct
What was the name of Adam's home where God planted a garden? Eden
100%
What part of Adam's body God used to create Eve? Rib
95%
What animal convinced Eve to eat fruit of the tree of knowledge? Snake
93%
Who was Abraham supposed to sacrifice when God tested his faith? His son
92%
Which Adam's and Eve's son attacked his own brother on the field and killed him? Cain
87%
What was the name of a newborn Israelite boy whose mother hid him in reeds along the river and who was later found by pharaoh's daughter? Moses
87%
What is the most important commandment that God gave to Moses? You shall have no other gods before me
87%
Who did God send to Gideon and who later told him that he would save Israel? Angel
85%
What is the name of the tower that people started building and that was set to be so tall that would reach heaven? Babel
84%
Where did God tell Abraham to travel? Canaan
84%
Where was Joseph sold as a slave by his brothers? Egypt
84%
Which Isaac's son dreamt about a stairway rising into the sky with angels walking up and down it? Jacob
82%
Who was a young beautiful woman who became Isaac's wife? Rebekah
82%
What weapon did David use to kill Goliath? Sling
80%
Who was Moses' older brother and a prophet who was asked by Israelities to make them a god to worship? He collected all their jewellery and melted the gold to make a statue of calf. Aaron
79%
Who became the king of Israel after Saul's death? David
79%
What impressed the Queen of Sheba the most about Solomon? His wisdom
79%
After Moses died the Israelities were led by Joshua. What was the first city they captured? Jericho
79%
What is the name of Abraham's nephew who lived in Sodom so Abraham pleaded with God to spare the place? Lot
79%
What was the name of 90 years old Abraham's wife who gave birth to a boy and named him Isaac? Sarah
79%
Joseph was Jacob's favourite son and that made his brothers jealous. How did they try to get rid of him? They threw him into the pit
79%
What was Samson's secret of his strength that he revealed to Delilah? His long hair
75%
How many terrible plague did God struck Egypt with? Ten
75%
Who was Moses' older sister who had protected him when he was a baby and who was jealous of him because he was leading the Israelities? Miriam
74%
Which of his sons David proclaimed king when he was still a boy? Solomon
74%
How many sons, that later founded the Tribes of Israel, did Jacob have all together with Leah, Rachel, Bilhah and Zilpah? Twelve
74%
Who was a beautiful wife of Uriah, one of the David's soldiers, whom he later took for his wife? Bathsheba
72%
Nebuchadnezzar was the ruler of which Kingdom? Babylon
70%
What animal attacked Samson on his way to propose marriage to the Philistine woman? Lion
69%
Which Eli's son heard the voice of God and later became the greatest prophet since Moses? Samuel
66%
What is the name of the mountain where the Noah's ark came to rest? Ararat
61%
Who were the prophetess and the commander who helped the Israelities to defeat the Canaanites? Deborah and Barak
54%
Who was the man who had a special gift to interpret Nebuchadnezzar's dreams? Daniel
52%
Where did Nebuchadnezzar throw three of the Jewish men who refused to worship pagan's god? Into a blazing furnace
44%
The Bible gets its name from which language (word biblia)? Greek
26%
No matching quizzes found
Score Distribution
Percent of People with Each Score
Percentile by Number Answered
Your Score History
You have not taken this quiz